000
00315nam a2200145Ia 4500
005
20250423100309.0
008
250422s9999 xx 000 0 und d
020
_a
9789789128167
245
0
_a
NEITI Handbook
260
_a
Abuja
260
_b
NEITI Secretariat
260
_c
2011
300
_a
56 p
942
_c
BK
999
_c
32877
_d
32877